| 000 | 00591nam a22001817a 4500 | ||
|---|---|---|---|
| 005 | 20251127180612.0 | ||
| 008 | 251125b |||||||| |||| 00| 0 eng d | ||
| 020 | _a978-93-91208-50-9 | ||
| 041 | _aeng | ||
| 082 | _a615.3 VIS-P | ||
| 100 |
_aVISHWAKARMA, MR DHANESHWAR KUMAR AND VERMA, DR. NAVNEET & KUMAR, MR. ASHOK _98800 |
||
| 245 | _aPHARMACEUTICS PRACTICALS ( AS PER PCI REGULATIONS) B. PHARMA [1ST SEM, 1ST YEAR BOOK] | ||
| 250 | _a1ST ED, 2023 | ||
| 260 |
_aNEW DELHI _bINNOVATIVE PUBLICATIONS PVT, LTD _c2024 |
||
| 300 | _a179;P | ||
| 650 |
_aPHARMACY _xB.PHARMA |
||
| 942 | _cBK | ||
| 999 |
_c8977 _d8975 |
||